| 000 | 00593nam a2200205Ia 4500 | ||
|---|---|---|---|
| 008 | 230125s9999 xx 000 0 und d | ||
| 020 | _a1-84112-253-X | ||
| 041 | _aeng | ||
| 082 |
_a658.152 _bLON |
||
| 100 |
_aLongdon K _9110608 |
||
| 245 | _aInvestment Appraisal | ||
| 260 |
_c2002 _bCapstone publication _aLondon |
||
| 300 | _a124p | ||
| 440 |
_aEssential Management Thinking At Your Fingertips Series _9107434 |
||
| 500 | _aInvestment;Series Book;Finance Series Book | ||
| 650 | _aFinancial Management | ||
| 700 |
_aLongdon K _9110608 |
||
| 906 | _b24 | ||
| 999 |
_c87479 _d87479 |
||